00548nam a22001817a 4500999001900000003000500019038001100024082001800035100002600053245003400079260004300113300001300156500001500169880003200184880003600216942001200252952010200264 c524102d524102NUST awaseem a891.4398bHAM aHameed, Rashid914925 aMukalma Numa /cRashid Hameed aLahore :bFaroogh Adab Academy,c1999. a360 p. ; aHardcover. 6100-02\raراشد حمید 6245-02\raمکالمہ نما / 2ddccBK 00102ddc4070aCLbCLcPLITd2019-06-16l0o891.4398 HAMpCL-E-1601r2019-06-16w2019-06-16yBK